မြန်မာစကားပုံ။ (Record no. 16698)

000 -LEADER
fixed length control field 00698nam a2200217Ia 4500
003 - CONTROL NUMBER IDENTIFIER
control field OSt
005 - DATE AND TIME OF LATEST TRANSACTION
control field 20260122193250.0
007 - PHYSICAL DESCRIPTION FIXED FIELD--GENERAL INFORMATION
fixed length control field ca aa aaaaa
008 - FIXED-LENGTH DATA ELEMENTS--GENERAL INFORMATION
fixed length control field 201103s9999 xx 000 0 und d
040 ## - CATALOGING SOURCE
Transcribing agency SSBUL
041 ## - LANGUAGE CODE
Language code of text/sound track or separate title Myanmar
082 ## - DEWEY DECIMAL CLASSIFICATION NUMBER
Classification number ၃၉၈.၉၉၅၈
Item number မြန်
245 #0 - TITLE STATEMENT
Title မြန်မာစကားပုံ။
250 ## - EDITION STATEMENT
Edition statement တတိယအကြိမ်။
260 ## - PUBLICATION, DISTRIBUTION, ETC.
Place of publication, distribution, etc. ရန်ကုန် ၊
Name of publisher, distributor, etc. မြန်မာစာအဖွဲ့ဦးစီးဌာန၊
Date of publication, distribution, etc. ၁၉၉၆။
300 ## - PHYSICAL DESCRIPTION
Extent ၃၇၃ စာမျက်နှာ ၊
Dimensions ၂၀ စင်တီ။
500 ## - GENERAL NOTE
General note S-SAT: Dr. Prof Sai Aung Tun
942 ## - ADDED ENTRY ELEMENTS (KOHA)
Koha item type Book (Short term)
Source of classification or shelving scheme
Source of classification or shelving scheme
Holdings
Withdrawn status Lost status Source of classification or shelving scheme Damaged status Not for loan Collection Code Permanent Location Current Location Shelving location Date acquired Total Checkouts Full call number Barcode Date last seen Price effective from Koha item type Accession
          Special Collections Shan State Buddhist University Library Shan State Buddhist University Library Special Collection Shelves 15/02/2023   ၃၉၈.၉၉၅၈ မြန် ၉၂၀၇ S-SAT MB00009207 15/02/2023 15/02/2023 Book (Short term) ၉၂၀၇ S-SAT

Library - 09407999929
Admin Office - 09407999979
Dean Office - 09250910768
Registrar Office - 09892297154
Email - [email protected]
Shan State Buddhist University, Phaya Phyu Taunggyi, Shan State, Myanmar.